LEADER 03328cam a22004337 4500 001 991003172359707536 005 20250430130150.0 008 950720s1586 xx acf b 000 0 lat d 035 $ab14292415-39ule_inst 035 $aCICOGNARA-4554$9ExL 040 $aBibl. Interfacoltà T. Pellegrino$bita 100 0 $aVitruvius Pollio$d$08237 245 10$aM. Vitrvvii Pollionis De architectvra libri decem, ad Caes. Avgvstvm, omnibus omnium editionibus longè emendatiores, collatis veteribus exemplis.$bAccesserunt, Gulielmi Philandri Castilionij, ciuis Romani, Annotationes castigatiores, & plus tertia parte locupletiores. Adiecta est Epitome in omnes Georgij Agricolae De mensuris & ponderibus libros eodem auctore. Cum Graeco pariter aLtino indice locupletissimo. 246 30$aDe architectvra libri decem, ad Caes. Avgvstvm, omnibus omnium editionibus longè emendatiores, collatis veteribus exemplis.$bAccesserunt, Gulielmi Philandri Castilionij, ciuis Romani, Annotationes castigatiores, & plus tertia parte locupletiores. Adiecta est Epitome in omnes Georgij Agricolae De mensuris & ponderibus libros eodem auctore. Cum Graeco pariter Latino indice locupletissimo. 246 3 $aDe architectura libri decem, ad Caes. Augustum, omnibus omnium editionibus longè emendatiores, collatis veteribus exemplis.$bAccesserunt, Gulielmi Philandri Castilionij, ciuis Romani, Annotationes castigatiores, & plus tertia parte locupletiores. Adiecta est Epitome in omnes Georgij Agricolae De mensuris & ponderibus libros eodem auctore. Cum Graeco pariter Latino indice locupletissimo. 260 $bApud Ioan. Tornaesium,$c1586. 300 $a[16], 460, [35] p., [1] c. di tav. (ripieg.) :$bill., ritr.; $c4° (24 cm). 500 $aDedica: "Francisco Valesio, regi potentissimo et christianissimo", pp. [3-6], cc. a2r-a3v. 500 $aFront. inciso. 500 $aIncisioni xilografiche. 500 $aFrontoni, iniziali. 500 $aMarca tipografica in fine. 500 $aSul front. il luogo di pubblicazione "Genevae" sembra non appartenere alla stessa forma tipografica$5BAV$3Cicognara.IV.722 500 $aEsemplare mutilo della c. ?4$5BAV$3Cicognara.IV.721 500 $aSegue un f. contenente annotazioni ms.$5BAV$3Cicognara.IV.721 500 $aRiproduzione in microfiche dell'originale conservato presso la Biblioteca Apostolica Vaticana 700 1 $aPhilandrier, Guillaume$d<1505-1565> 700 1 $aAgricola, Georg$d<1494-1555> 740 02$aAnnotationes. 740 02$aDe mensuris et ponderibus. 787 18$iLeopoldo Cicognara Program :$tBiblioteca Cicognara$h[microform] : literary sources in the history of art and kindred subjects 787 18$tCatalogo ragionato dei libri d'arte e d'antichità / Leopoldo Cicognara 907 $a.b14292415$b01-04-22$c28-07-16 912 $a991003172359707536 945 $aLE002 SB Raccolta Cicognara, mcrf 721$g0$lle002$pE0.00$rn$so $t11$u0$v0$w0$x0$y.i15763791$z28-07-16 945 $aLE002 SB Raccolta Cicognara, mcrf 722$g0$lle002$pE0.00$rn$so $t11$u0$v0$w0$x0$y.i15763808$z28-07-16 996 $aM. Vitrvvii Pollionis De architectvra libri decem, ad Caes. Avgvstvm, omnibus omnium editionibus longè emendatiores, collatis veteribus exemplis$91391110 997 $aUNISALENTO 998 $ale002$b28-07-16$cm$dg $e-$flat$gxx $h0$i2 LEADER 01167ojm 2200241z- 450 001 9910150593703321 005 20251118110750.0 010 $a1-5159-9422-8 035 $a(CKB)3710000000945111 035 $a(BIP)060409822 035 $a(ODN)ODN0003050302 035 $a(EXLCZ)993710000000945111 100 $a20231107c2016uuuu -u- - 101 0 $aeng 200 10$aSaving Jake 210 $cTantor Audio 330 8 $aAfter eight years in the Marines, Jacob Lorde returns to Blessings, Georgia, with no plans other than to hole up in his empty house and heal what's left of his soul. But with a charming next-door neighbor and a town full of friendly people, keeping to himself is easier said than done.Laurel Payne understands far too well what Jake is going through, after witnessing her late husband experience similar problems. She's in no hurry to jump into another relationship with a complicated guy, but their attraction is undeniable-and perhaps exactly what both of them need. 700 $aSala$b Sharon$f1943-$01234901 702 $aRubinate$b Amy$4nrt 906 $aAUDIO 912 $a9910150593703321 996 $aSaving Jake$93593523 997 $aUNINA